=LDR 00000nam 2200000 4500 =001 INLIS000000000035719 =005 20130612141544 =008 ***********************************Ind** =035 ##$$0010-061300000035719 =041 ##$$a Ind =082 ##$$a 339 =090 ##$$a 339, Gil p =100 ##$$a Gilarso, T =245 ##$$a Pengantar ilmu ekonomi bagian makro, T. Gilarso =260 ##$$a 1991 $b Yogyakarta =300 ##$$a 521 hlm, 22 cm =650 ##$$a Pengantar Ilmu Ekonomi =850 ##$$a NBPNMAT